13 Mars | Cuisine - Statistiques

Statistiques générales
  • Ce quiz a été pris 96 fois
  • Le résultat moyen est 8 sur 15
Statistiques - réponses
Question Réponse % Correct
Quel ingrédient principal est utilisé pour faire du pain ? Farine
100%
Quel est le plat national du Japon ? Sushi
98%
Quel fruit est la base d'un guacamole ? Avocat
91%
Quel type de cuisine utilise beaucoup d'épices et de curry ? Cuisine Indienne
89%
Quel fromage est souvent utilisé sur les pizzas ? Mozzarella
89%
Quel type de cuisine est réputé pour ses tacos et enchiladas ? Cuisine Mexicaine
81%
Quel plat est fait de pâtes et de viande hachée ? Lasagnes
67%
Quel dessert est fait avec des blancs d'œufs et du sucre ? Meringue
67%
Quelle céréale est utilisée pour faire de la bière ? Orge
55%
Quel est le principal ingrédient du hummus ? Pois Chiches
51%
Quel plat est préparé avec du poisson cru mariné ? Ceviche
22%
Quel bonbon est à base de sucre filé ? Barbe à papa
18%
Quelle méthode de cuisson consiste à plonger les aliments dans de l'eau bouillante ? Blanchir
12%
Quel terme désigne la cuisson à la vapeur ? Étuvée
1%
Que signifie "al dente" en cuisine italienne ? Ferme sous la dent
1%
Aucun quiz correspondant
Distribution des résultats
% des personnes avec chaque résultat
Percentile par nombre de réponses
Votre historique - résultats
Vous n’avez pas pris ce quiz